| 000 | 00656nam a22001937a 4500 | ||
|---|---|---|---|
| 003 | OSt | ||
| 005 | 20260414030411.0 | ||
| 008 | 260414b |||||||| |||| 00| 0 eng d | ||
| 020 | _a978-981-4195-45-4.DWC-Main lib | ||
| 040 |
_aDWC-Main lib _cOC |
||
| 082 |
_22nd edition _aCirc. 005.13 M251 2007 |
||
| 100 | _aMalik, D. S. | ||
| 245 |
_aJava programming : _bfrom problem analysis to program design _cD. S. Malik |
||
| 260 |
_aSingapore : _bThomson Learning Asia, _cc2007. |
||
| 300 |
_axxvi, 1103 pages : _billustration ; _c20 cm. |
||
| 504 | _aIncludes index. | ||
| 650 | _a1. Java (Computer program language). | ||
| 942 |
_2ddc _cBK-CIRC _e2nd ed. _kCirc. _n0 |
||
| 999 |
_c9385 _d9385 |
||